00293 a2200121 4500001000700000020002200007040001100029100003100040240004400071245003900115300000800154362000900162189059 a978-85-910393-0-2 cMagnum aSantos, José Marcelo Dos10aO mistério da gruta dos túneislpor10aO mistério da gruta dos túneis a1520 a2011